000 00313nam a22001457a 4500
008 210428b ||||| |||| 00| 0 eng d
020 _a9780004334790
041 _aeng
080 _a038
082 _a038
100 _a23
101 _aFJA
245 _aFrench Dictionary
_cBeryl T. Atkins
942 _2udc
_cBK
999 _c56891
_d56891